000 00695nam a2200193 i 4500
001 189110
003 ES-MaACL
005 20230906223400.0
008 190401s1992 sp |||| | spa d
245 0 3 _aEl Museo Naval en su bicentenario.
260 _aMadrid :
_bInstituto de Historia y Cultura Naval,
_c1992.
300 _a79 p. ;
_c24 cm.
490 1 _aCuadernos monográficos del Instituto de Historia y Cultura Naval ;
_v18
610 2 4 _aMuseo Naval (Madrid)
_95906
710 2 _aInstituto de Historia y Cultura Naval (Madrid)
_94957
830 1 _aCuadernos monográficos del Instituto de Historia y Cultura Naval ;
_v18
_9193258
852 _aES-MaACL
_j2339-F-17
999 _c189110
_d189110